<?xml version="1.0" encoding="UTF-8"?>
<record
    xmlns:xsi="http://www.w3.org/2001/XMLSchema-instance"
    xsi:schemaLocation="http://www.loc.gov/MARC21/slim http://www.loc.gov/standards/marcxml/schema/MARC21slim.xsd"
    xmlns="http://www.loc.gov/MARC21/slim">

  <leader>01802nam0a2200373   4500</leader>
  <controlfield tag="001">RU\NLR\BIBL_A\011574790</controlfield>
  <controlfield tag="005">20260406075825.0</controlfield>
  <datafield tag="010" ind1=" " ind2=" ">
    <subfield code="a">9785921605473</subfield>
    <subfield code="9">500</subfield>
  </datafield>
  <datafield tag="021" ind1=" " ind2=" ">
    <subfield code="a">RU</subfield>
    <subfield code="b">2017-93865</subfield>
    <subfield code="9">6733</subfield>
  </datafield>
  <datafield tag="035" ind1=" " ind2=" ">
    <subfield code="a">(RuMoRGB)009485135</subfield>
  </datafield>
  <datafield tag="035" ind1=" " ind2=" ">
    <subfield code="a">(NLR Aleph) 011574790</subfield>
  </datafield>
  <datafield tag="090" ind1=" " ind2=" ">
    <subfield code="a">10816886</subfield>
    <subfield code="c">10816886</subfield>
  </datafield>
  <datafield tag="100" ind1=" " ind2=" ">
    <subfield code="a">20171226d2018    u  y0rusy50      ba</subfield>
  </datafield>
  <datafield tag="101" ind1="0" ind2=" ">
    <subfield code="a">rus</subfield>
    <subfield code="a">eng</subfield>
  </datafield>
  <datafield tag="102" ind1=" " ind2=" ">
    <subfield code="a">RU</subfield>
  </datafield>
  <datafield tag="105" ind1=" " ind2=" ">
    <subfield code="a">ac||zzzz000zy</subfield>
  </datafield>
  <datafield tag="200" ind1="1" ind2=" ">
    <subfield code="a">Les bagatelles</subfield>
    <subfield code="e">&#x43A;&#x43D;&#x438;&#x433;&#x430; &#x442;&#x440;&#x435;&#x442;&#x44C;&#x44F; &#x438;&#x437; &#x446;&#x438;&#x43A;&#x43B;&#x430; "&#x427;&#x442;&#x435;&#x43D;&#x438;&#x435; &#x43D;&#x430; &#x43D;&#x43E;&#x447;&#x44C; &#x434;&#x43B;&#x44F; &#x441;&#x43E;&#x432;&#x441;&#x435;&#x43C; &#x432;&#x437;&#x440;&#x43E;&#x441;&#x43B;&#x44B;&#x445;"</subfield>
    <subfield code="e">[&#x441;&#x431;&#x43E;&#x440;&#x43D;&#x438;&#x43A;]</subfield>
    <subfield code="f">Yveline Le Mignot, &#x421;&#x435;&#x440;&#x430;&#x444;&#x438;&#x43C;&#x430; &#x418;&#x432;&#x430;&#x43D;&#x43E;&#x432;&#x430;</subfield>
    <subfield code="g">[&#x438;&#x43B;&#x43B;&#x44E;&#x441;&#x442;&#x440;&#x430;&#x446;&#x438;&#x438; &#x421;&#x442;&#x435;&#x444;&#x430;&#x43D;&#x430; &#x421;&#x430;&#x434;&#x43E;&#x432;&#x43D;&#x438;&#x43A;&#x43E;&#x432;&#x430;]</subfield>
  </datafield>
  <datafield tag="210" ind1=" " ind2=" ">
    <subfield code="a">&#x41C;&#x43E;&#x441;&#x43A;&#x432;&#x430;</subfield>
    <subfield code="c">&#x424;&#x438;&#x43B;&#x438;&#x43D;&#x44A;</subfield>
    <subfield code="d">2018 [&#x442;.&#x435;. 2017]</subfield>
  </datafield>
  <datafield tag="215" ind1=" " ind2=" ">
    <subfield code="a">107 &#x441;., [6] &#x43B;. &#x446;&#x432;. &#x438;&#x43B;., &#x43F;&#x43E;&#x440;&#x442;&#x440;.</subfield>
    <subfield code="c">&#x438;&#x43B;.</subfield>
    <subfield code="d">20</subfield>
  </datafield>
  <datafield tag="300" ind1=" " ind2=" ">
    <subfield code="a">&#x422;&#x435;&#x43A;&#x441;&#x442; &#x43F;&#x430;&#x440;&#x430;&#x43B;. &#x43D;&#x430; &#x440;&#x443;&#x441;. &#x438; &#x430;&#x43D;&#x433;&#x43B;. &#x44F;&#x437;.</subfield>
  </datafield>
  <datafield tag="300" ind1=" " ind2=" ">
    <subfield code="a">&#x424;&#x430;&#x43A;&#x442;&#x438;&#x447;&#x435;&#x441;&#x43A;&#x430;&#x44F; &#x434;&#x430;&#x442;&#x430; &#x432;&#x44B;&#x445;&#x43E;&#x434;&#x430; &#x432; &#x441;&#x432;&#x435;&#x442; - 2017</subfield>
  </datafield>
  <datafield tag="327" ind1="1" ind2=" ">
    <subfield code="a">&#x421;&#x43E;&#x434;&#x435;&#x440;&#x436;.: &#x440;&#x430;&#x437;&#x434;&#x435;&#x43B;&#x44B;: &#x41C;&#x438;&#x43B;&#x430;&#x44F; &#x420;&#x43E;&#x441;&#x441;&#x438;&#x44F;; &#x414;&#x438;&#x432;&#x43D;&#x430;&#x44F; &#x43F;&#x440;&#x438;&#x440;&#x43E;&#x434;&#x430;; &#x427;&#x443;&#x432;&#x441;&#x442;&#x432;&#x430;; &#x412;&#x435;&#x43D;&#x43E;&#x43A; &#x441;&#x43E;&#x43D;&#x435;&#x442;&#x43E;&#x432;</subfield>
  </datafield>
  <datafield tag="488" ind1=" " ind2="0">
    <subfield code="1">2001#$a&#x427;&#x442;&#x435;&#x43D;&#x438;&#x435; &#x43D;&#x430; &#x43D;&#x43E;&#x447;&#x44C; &#x434;&#x43B;&#x44F; &#x441;&#x43E;&#x432;&#x441;&#x435;&#x43C; &#x432;&#x437;&#x440;&#x43E;&#x441;&#x43B;&#x44B;&#x445;$e&#x446;&#x438;&#x43A;&#x43B;</subfield>
    <subfield code="t">&#x427;&#x442;&#x435;&#x43D;&#x438;&#x435; &#x43D;&#x430; &#x43D;&#x43E;&#x447;&#x44C; &#x434;&#x43B;&#x44F; &#x441;&#x43E;&#x432;&#x441;&#x435;&#x43C; &#x432;&#x437;&#x440;&#x43E;&#x441;&#x43B;&#x44B;&#x445;</subfield>
  </datafield>
  <datafield tag="686" ind1="1" ind2=" ">
    <subfield code="a">&#x428;6(4&#x424;&#x440;)62-5{&#x41B;&#x445;1649-175}</subfield>
  </datafield>
  <datafield tag="686" ind1="1" ind2=" ">
    <subfield code="a">&#x428;6(4&#x424;&#x440;)67-5{&#x41B;&#x445;1649-175}</subfield>
  </datafield>
  <datafield tag="686" ind1="2" ind2=" ">
    <subfield code="a">&#x428;6(2=&#x420;)8-57</subfield>
  </datafield>
  <datafield tag="700" ind1=" " ind2="1">
    <subfield code="7">ba</subfield>
    <subfield code="8">fre</subfield>
    <subfield code="a">Le Mignot</subfield>
    <subfield code="b">Y.</subfield>
    <subfield code="c">&#x43F;&#x43E;&#x44D;&#x442;</subfield>
    <subfield code="g">Yveline</subfield>
    <subfield code="9">183792</subfield>
    <subfield code="3">RU\NLR\AUTH\770183843</subfield>
  </datafield>
  <datafield tag="701" ind1=" " ind2="1">
    <subfield code="a">&#x418;&#x432;&#x430;&#x43D;&#x43E;&#x432;&#x430;</subfield>
    <subfield code="b">&#x421;.</subfield>
    <subfield code="c">&#x43F;&#x435;&#x440;&#x435;&#x432;&#x43E;&#x434;&#x447;&#x438;&#x43A;, &#x43F;&#x43E;&#x44D;&#x442;</subfield>
    <subfield code="f">1958-</subfield>
    <subfield code="g">&#x421;&#x435;&#x440;&#x430;&#x444;&#x438;&#x43C;&#x430;</subfield>
    <subfield code="3">RU\NLR\AUTH\770182178</subfield>
    <subfield code="9">182127</subfield>
  </datafield>
  <datafield tag="702" ind1=" " ind2="1">
    <subfield code="a">&#x421;&#x430;&#x434;&#x43E;&#x432;&#x43D;&#x438;&#x43A;&#x43E;&#x432;</subfield>
    <subfield code="b">&#x421;.</subfield>
    <subfield code="g">&#x421;&#x442;&#x435;&#x444;&#x430;&#x43D;</subfield>
    <subfield code="4">040</subfield>
  </datafield>
  <datafield tag="942" ind1=" " ind2=" ">
    <subfield code="c">BOOK</subfield>
  </datafield>
  <datafield tag="980" ind1=" " ind2=" ">
    <subfield code="a">NBR</subfield>
  </datafield>
</record>
